Experimental biochemistry: a student companion (Record no. 169561)
[ view plain ]
| 000 -LEADER | |
|---|---|
| fixed length control field | 00636nam a2200217Ia 4500 |
| 003 - CONTROL NUMBER IDENTIFIER | |
| control field | OSt |
| 005 - DATE AND TIME OF LATEST TRANSACTION | |
| control field | 20230410150852.0 |
| 008 - FIXED-LENGTH DATA ELEMENTS--GENERAL INFORMATION | |
| fixed length control field | 210423s2017 xx 000 0 und d |
| 020 ## - INTERNATIONAL STANDARD BOOK NUMBER | |
| International Standard Book Number | 81-88237-41-8 |
| 040 ## - CATALOGING SOURCE | |
| Transcribing agency | AL |
| 041 ## - LANGUAGE CODE | |
| Language code of text/sound track or separate title | eng |
| 082 ## - DEWEY DECIMAL CLASSIFICATION NUMBER | |
| Classification number | 574.192028 |
| Edition number | 23 |
| Item number | RAOE |
| 100 ## - MAIN ENTRY--PERSONAL NAME | |
| Personal name | RAO (Beedu Sashidhar);DESHPANDE (Vijay) |
| 9 (RLIN) | 85510 |
| 245 ## - TITLE STATEMENT | |
| Title | Experimental biochemistry: a student companion |
| 260 ## - PUBLICATION, DISTRIBUTION, ETC. | |
| Place of publication, distribution, etc. | New Delhi |
| Name of publisher, distributor, etc. | I K International Publishing House |
| Date of publication, distribution, etc. | 2017 |
| 300 ## - PHYSICAL DESCRIPTION | |
| Extent | xiv,302 |
| Other physical details | PB |
| 365 ## - TRADE PRICE | |
| Price amount | 345 |
| Currency code | INR |
| 650 ## - SUBJECT ADDED ENTRY--TOPICAL TERM | |
| Topical term or geographic name entry element | Biochemistry |
| 9 (RLIN) | 85511 |
| 906 ## - LOCAL DATA ELEMENT F, LDF (RLIN) | |
| a | biochemistry: ; companion ; Experimental ; student |
| 942 ## - ADDED ENTRY ELEMENTS (KOHA) | |
| Source of classification or shelving scheme | Dewey Decimal Classification |
| Koha item type | Book |
| Withdrawn status | Lost status | Damaged status | Not for loan | Collection code | Home library | Current library | Date acquired | Source of acquisition | Cost, normal purchase price | Total Checkouts | Full call number | Barcode | Date last seen | Date last checked out | Price effective from | Koha item type |
|---|---|---|---|---|---|---|---|---|---|---|---|---|---|---|---|---|
| Bio Chemistry | St Aloysius PG Library | St Aloysius PG Library | 11/17/2018 | Prajwal book distributors | 345.00 | 1 | 574.192028 RAOE | PG016063 | 08/24/2022 | 12/16/2021 | 04/26/2021 | Book |